000 00233 a2200097 4500
001 39887
100 _aShehab Rafiullah
245 _aHistory of Pakistan
260 _aLahore
_bSang-e-Meel Publications
_c1989
090 _c24883
_d24883
942 _aNUST-CAE
_cM
_c16539
999 _c274960
_d274960